00680nam a2200181 a 450000100060000000300090000600800410001504000280005608200180008410000380010224500250014026000590016530000070022450501480023165000250037965000540040465000400045821884CO-ViMGA141112s2004 ck r 000 u spa d aCO-ViMGAbspacCO-ViMGA04a343.093 C656d1 aColombia, leyes, decretos, etc., 10aDecreto 1660 de 2003 aBogotá : bMinisterio de protección social, c2003 a59 aZonas especiales de estacionamiento y parqueo 23 - - Disposiciones sobre accesibilidad en el transporte masivo 35 - - Regimen de sanciones 55 14aDECRETO 1660 DE 200314aINCAPACITADOS FISICAMENTE - TRANSPORTE - COLOMBIA14aTRANSPORTE - LEGISLACION - COLOMBIA